000
00265nam a22001097a 4500
082
_a
684.08 HOL'M
100
_a
HOLTROP, WILLIAM F,HJORTH, HERMAN
_9
80612
245
_a
MODERN MACHINE WOODWORKING
260
_a
MILWAUKEE
_b
BRUCE
_c
1960
300
_a
280P
942
_c
BK
999
_c
585511
_d
585511